000 00806nam a2200241Ia 4500
003 OSt
005 20220926021746.0
006 a|||||r|||| 00| 0
007 ta
008 220923b |||||||| |||| 00| 0 eng d
020 _a02518023
037 _cGeneral Book
040 _aRTL
_cRTL
_beng
041 _2eng
_aeng
082 _aY394.1N45.N89r, M9,12
110 _aUNITED NATIONS, REFUGEES (High commission for-), GENERAL ASSEMBLY, OFFICIAL L RECORDS. 44th SESSION
_9326818
245 0 _aReport
260 _aNew York
_bUnited Nations
_c1989
300 _av, 56p
_ccm.
700 _aUNITED NATIONS, REFUGEES (High commission for-), GENERAL ASSEMBLY, OFFICIAL L RECORDS. 44th SESSION
_9326819
942 _hY394.1N45.N89r, M9,12
_cGB
_2CC
999 _c637594
_d637594